Szczegóły MARC21

Elementy filozofii i metodologii nauk ekonomicznych : perspektywa kryzysowa /

003 -Nazwa inst., której nr kontr. jest w polu 001 [,]
    • @
    • Nazwa instytucji, której n kontrolny jest w polu 001
    • NUKAT
005 -DATA I CZAS OSTATNIEJ MODYFIKACJI [,]
    • @
    • pole kontrolne
    • 20241231111802.0
020 -Międzynarod. znormalizowany nr książki - ISBN [ , ]
    • a
    • Numer ISBN
    • 9788363804619 Find
020 -Międzynarod. znormalizowany nr książki - ISBN [ , ]
    • a
    • Numer ISBN
    • 9788363804626 Find
    • q
    • Dopowiedzenie
    • PDF
020 -Międzynarod. znormalizowany nr książki - ISBN [ , ]
    • a
    • Numer ISBN
    • 9788363804633 Find
    • q
    • Dopowiedzenie
    • epub
020 -Międzynarod. znormalizowany nr książki - ISBN [ , ]
    • a
    • Numer ISBN
    • 9788363804640 Find
    • q
    • Dopowiedzenie
    • mobi
040 -Instytucja sporządzająca opis [ , ]
    • a
    • Instytucja, która sporządziła opis (NP)
    • WR U/JH
    • c
    • Instytucja, która sporządziła rekord (NP)
    • WR U/JH
    • d
    • Instytucja, która zmodyfikowała rekord (P)
    • WR U/ms
    • d
    • Instytucja, która zmodyfikowała rekord (P)
    • WR U/JHs
    • d
    • Instytucja, która zmodyfikowała rekord (P)
    • GD U/AEKs
    • d
    • Instytucja, która zmodyfikowała rekord (P)
    • KAT 001/UEwp
942 -Rodzaj dokumentu [ , ]
    • c
    • Rodzaj dokumentu
    • Książka
100 -Hasło główne - nazwa osobowa [1, ]
    • a
    • Nazwa osobowa (NP)
    • Flejterski, Stanisław
    • d
    • Daty biograficzne (NP)
    • (1948- ).
    • 9
    • KHW
    • 16
245 -Strefa tytułu i oznaczenia odpowiedzialności [1,0]
    • a
    • Tytuł
    • Elementy filozofii i metodologii nauk ekonomicznych : Find
    • b
    • Ciąg dalszy tytułu (NP)
    • perspektywa kryzysowa / Find
    • c
    • Pozostałe elementy strefy tytułu i oznaczenia odpowiedzialności (NP)
    • Stanisław Flejterski, Max Urchs ; [recenzent Jan Krzysztof Solarz].
260 -Strefa adresu wydawniczego [ , ]
    • a
    • Miejsce wydania (P)
    • Kraków ;
    • a
    • Miejsce wydania (P)
    • Legionowo :
    • b
    • Nazwa wydawcy (P)
    • Wydawnictwo edu-Libri,
    • c
    • Data wydania (P)
    • 2015.
300 -Strefa opisu fizycznego [ , ]
    • a
    • Określenie formy książki i/lub objętość (NP)
    • 226 s. :
    • b
    • Oznaczenie ilustracji (NP)
    • il. ;
    • c
    • Format (NP)
    • 24 cm.
336 -Typ zawartości [ , ]
    • a
    • Termin opisujący typ zawartości
    • Tekst
    • b
    • Kod określający zawartość
    • txt
    • 2
    • Źródło (terminu i kodu)
    • rdacontent
337 -Typ mediów [ , ]
    • a
    • Tryb odtwarzania
    • Bez urządzenia pośredniczącego
    • b
    • Kod typu mediów
    • n
    • 2
    • Źródło (terminu i kodu)
    • rdamedia
338 -Typ/rodzaj nośnika [ , ]
    • a
    • Hasło opisujące typ nośnika
    • Wolumin
    • b
    • Kod typu nośnika
    • nc
    • 2
    • Źródło (terminu i kodu)
    • rdacarrier
500 -Uwaga ogólna [ , ]
    • a
    • Uwaga ogólna (NP)
    • Na okł.: Dylematy i wyzwania stojące przed ekonomią i finansami w konsekwencji globalnego kryzysu ostatnich lat.
504 -Uwaga dot. bibliogr. załącznikowej [ , ]
    • a
    • Uwaga dot. bibliografii załącznikowej
    • Bibliogr. s. 209-222. Indeks.
521 -Uwaga dot. przeznaczenia czytelniczego [8, ]
    • a
    • Uwaga dot. przeznaczenia czytelniczego
    • Podręcznik akademicki dla studentów II i III stopnia wydziałów i uczelni ekonomicznych.
080 -Uniwersalna Klasyfikacja Dziesiętna [ , ]
    • 2
    • Identyfikator wydania tablic
    • UDC-P058
    • 9
    • UKD
    • 2944
    • a
    • Symbol klasyfikacji
    • 330.1
    • b
    • Dopowiedzenie
    • Podstawowe pojęcia nauk ekonomicznych. Przedmiot i metody ekonomii. Prawa ekonomiczne. Wartość dodatkowa. Zasoby gospodarcze. Zasoby naturalne (ziemia, bogactwa naturalne). Dobra. Czynniki produkcji. Siły wytwórcze.
    • 4
    • UKD2
    • 7665
    • x
    • Poddział wspólny
    • (075.8)
    • c
    • Dopowiedzenie poddz. wspólnego
    • (Podręczniki dla szkół wyższych. Skrypty).
080 -Uniwersalna Klasyfikacja Dziesiętna [ , ]
    • 2
    • Identyfikator wydania tablic
    • UDC-P058
    • 9
    • UKD
    • 2469
    • a
    • Symbol klasyfikacji
    • 167/168
    • b
    • Dopowiedzenie
    • Metodologia. Badania naukowe. Metody naukowe. Metoda analityczna. Metoda syntetyczna. Klasyfikacja. Hipotezy. Dowód. Prawa i reguły naukowe. Teorie naukowe. Systematyka naukowa. Klasyfikacja nauk.
    • 4
    • UKD2
    • 7665
    • x
    • Poddział wspólny
    • (075.8)
    • c
    • Dopowiedzenie poddz. wspólnego
    • (Podręczniki dla szkół wyższych. Skrypty).
650 -Hasło przedmiotowe [ ,7]
    • a
    • Hasło przedmiotowe
    • Ekonomia
    • x
    • Określnik rzeczowy
    • filozofia
    • v
    • Określnik formalny
    • podręczniki akademickie.
    • 2
    • Źródło terminu
    • kaba
    • 9
    • KHW
    • 390180
650 -Hasło przedmiotowe [ ,7]
    • a
    • Hasło przedmiotowe
    • Ekonomia
    • x
    • Określnik rzeczowy
    • metodologia
    • v
    • Określnik formalny
    • podręczniki akademickie.
    • 2
    • Źródło terminu
    • kaba
    • 9
    • KHW
    • 390179
650 -Hasło przedmiotowe [ ,7]
    • a
    • Hasło przedmiotowe
    • Nauka
    • x
    • Określnik rzeczowy
    • filozofia
    • v
    • Określnik formalny
    • podręczniki akademickie.
    • 2
    • Źródło terminu
    • kaba
    • 9
    • KHW
    • 390178
980 -Symbol UKD [ , ]
    • a
    • UKD
    • 330.1:167/168](075.8)
700 -Hasło dodatkowe - nazwa osobowa [1, ]
    • a
    • Nazwa osobowa (NP)
    • Urchs, Max Find
    • d
    • Daty biograficzne (NP)
    • (1955- ).
    • 9
    • KHW
    • 90567
700 -Hasło dodatkowe - nazwa osobowa [1, ]
    • a
    • Nazwa osobowa (NP)
    • Solarz, Jan Krzysztof. Find
    • e
    • Określenie rodzaju współpracy
    • Rec.
    • 9
    • KHW
    • 42931
710 -Hasło dodatkowe - nazwa ciała zbiorowego [2, ]
    • a
    • Nazwa ciała zbiorowego lub nazwa geograficzna jako pierwszy element (NP)
    • edu-Libri.
    • 4
    • Kod relacji
    • pbl
    • 9
    • KHW
    • 90568
920 -ISBN [ , ]
    • a
    • ISBN
    • 978-83-63804-61-9 Find
920 -ISBN [ , ]
    • a
    • ISBN
    • 978-83-63804-62-6 Find
    • q
    • Dopowiedzenie
    • PDF
920 -ISBN [ , ]
    • a
    • ISBN
    • 978-83-63804-63-3 Find
    • q
    • Dopowiedzenie
    • epub
920 -ISBN [ , ]
    • a
    • ISBN
    • 978-83-63804-64-0 Find
    • q
    • Dopowiedzenie
    • mobi
Status udost. Numer inwentarzowy Sygnatura Data inwentaryzacji Lokalizacja
-2T.19056T.190562015-12-07T